000 00643nam a2200181Ia 4500
008 151018s9999 xx 000 0 und d
082 _bRBASDV26648
_a920
100 _aमधु मंगेश कर्णिक
245 _aदूत पर्जन्याचा
250 _b1
260 _bJçmçblçjçJç vççF&kçÀ kç=À<ççÇ mçbµççíOçvç
_c1994
300 _a157
600 _aमधु मंगेश कर्णिक
630 _aदूत पर्जन्याचा
700 _aमधु मंगेश कर्णिक
730 _aदूत पर्जन्याचा
942 _cBOOK
999 _c1026251
_d1026248